00703cam a22002058a 4500003000400000005001700004008004100021020001500062050002400077082002200101100003800123245005800161250001200219260003600231300002100267650006900288942001200357999001500369952011300384OSt20140310182052.0040402s2004 ilu 001 0 eng  a9713004949 aPC 2640b.C295 1998 bHS 448 aC22 19921 aCarpenter, Catrine,d1949-91213310aTeach yourself beginner's French /cCatrine Carpenter aNew ed. aChicago :bMcGraw-Hill,cc1992. a234 p. ;c21 cm. 0aFrench languagevTextbooks for foreign speakersxEnglish.912134 2lcccHS c9010d9010 00102lcc40aLUXbLUXcHSd2013-08-22l0oPC 2640 .C295 1998p12389r2019-01-11 00:00:00t1w2013-08-22yBK